[Event "Kiev Spring op"]
[Site "Kiev"]
[Date "2023.03.27"]
[Round "3"]
[White "Kislinsky, Alexey"]
[Black "Darda, Roman"]
[Result "1-0"]
[WhiteElo "2357"]
[BlackElo "1942"]
[PlyCount "41"]
[EventDate "2023.03.25"]
[EventType "swiss"]
[EventRounds "9"]
[EventCountry "UKR"]
[SourceTitle "EXT 2024"]
[Source "ChessBase"]
[SourceDate "2023.10.10"]
[SourceVersion "1"]
[SourceVersionDate "2023.10.10"]
[SourceQuality "1"]

1. e4 e6 2. d4 d5 3. Nd2 Ne7 4. Ngf3 dxe4 5. Nxe4 Nf5 6. Bd3 Be7 7. c3 b6 8. Qa4+ c6 9. Bf4 Bb7 10. 0-0-0 Nd6 11. Rhe1 0-0 12. Qc2 h6 13. Qe2 Nf5 14. Kb1 a5 15. g4 Nh4 16. Nxh4 Bxh4 17. Rg1 Nd7 18. g5 hxg5 19. Nxg5 Nf6 20. Be5 Re8 21. Nf3 1-0

[Event "Warsaw Chess op-A"]
[Site "Warsaw"]
[Date "2022.07.19"]
[Round "2"]
[White "Jaskolka, Tomasz"]
[Black "Darda, Roman"]
[Result "1-0"]
[WhiteElo "2194"]
[BlackElo "1963"]
[PlyCount "61"]
[EventDate "2022.07.18"]
[EventType "swiss"]
[EventRounds "9"]
[EventCountry "POL"]
[SourceTitle "CBM 209 Extra"]
[Source "ChessBase"]
[SourceDate "2022.09.30"]
[SourceVersion "1"]
[SourceVersionDate "2022.09.30"]
[SourceQuality "1"]

1. d4 f5 2. Bg5 g6 3. Nc3 Bg7 4. e4 d6 5. Nf3 Nf6 6. Bd3 fxe4 7. Nxe4 Nxe4 8. Bxe4 d5 9. Bd3 c5 10. c3 Nc6 11. dxc5 Qa5 12. Be3 e5 13. Bc2 d4 14. Bd2 Qxc5 15. Ng5 Qd6 16. Bb3 Nd8 17. Ne4 Qa6 18. cxd4 exd4 19. Bc4 Qb6 20. Qe2 Ne6 21. Ng5 Ke7 22. 0-0 d3 23. Qe4 Qd4 24. Rae1 Qxe4 25. Rxe4 Bh6 26. Bb4+ Kf6 27. Nxe6 Kf5 28. f3 b5 29. Bc3 g5 30. g4+ Kg6 31. Bxd3 1-0

[Event "Kiev Shystarev Memorial 1st"]
[Site "Kiev"]
[Date "2020.08.31"]
[Round "9"]
[White "Salimsky, Alexandr"]
[Black "Darda, Roman"]
[Result "1-0"]
[WhiteElo "2083"]
[BlackElo "1824"]
[PlyCount "83"]
[EventDate "2020.08.25"]
[EventType "swiss"]
[EventRounds "9"]
[EventCountry "UKR"]
[SourceTitle "EXT 2022"]
[Source "ChessBase"]
[SourceDate "2021.10.06"]
[SourceVersion "1"]
[SourceVersionDate "2021.10.06"]
[SourceQuality "1"]

1. e4 e6 2. d4 d5 3. Nc3 Nf6 4. Bg5 Bb4 5. e5 h6 6. Be3 Ne4 7. a3 Bxc3+ 8. bxc3 Nxc3 9. Qg4 Kf8 10. Bd3 Na4 11. h4 Nd7 12. Rh3 h5 13. Qf4 Qe7 14. Rf3 c5 15. Nh3 c4 16. Bg6 f6 17. Qg3 a5 18. Nf4 Kg8 19. Bxh5 Rxh5 20. Nxh5 f5 21. Bh6 Kh7 22. Bxg7 Qf7 23. Nf6+ Nxf6 24. Bxf6 b5 25. Qh3 Bd7 26. Rg3 Rg8 27. Rg5 Be8 28. Qg3 Rg6 29. Rxg6 Qxg6 30. Qxg6+ Kxg6 31. Bd8 Kh5 32. Bxa5 Kxh4 33. Kd2 Kg4 34. Rh1 Bh5 35. Bd8 c3+ 36. Ke2 f4 37. f3+ Kg3 38. Rxh5 Kxg2 39. Rg5+ Kh3 40. Kf2 Kh4 41. Rf5+ Kh3 42. Rh5# 1-0

[Event "Kiev Shystarev Memorial 1st"]
[Site "Kiev"]
[Date "2020.08.30"]
[Round "8"]
[White "Darda, Roman"]
[Black "Terletsky, Oleg"]
[Result "1/2-1/2"]
[WhiteElo "1824"]
[BlackElo "2307"]
[PlyCount "99"]
[EventDate "2020.08.25"]
[EventType "swiss"]
[EventRounds "9"]
[EventCountry "UKR"]
[SourceTitle "EXT 2022"]
[Source "ChessBase"]
[SourceDate "2021.10.06"]
[SourceVersion "1"]
[SourceVersionDate "2021.10.06"]
[SourceQuality "1"]

1. d4 Nf6 2. c4 g6 3. Nc3 Bg7 4. Bg5 h6 5. Bh4 d6 6. Nf3 g5 7. Bg3 Nh5 8. e3 Nxg3 9. hxg3 Nc6 10. Bd3 e5 11. d5 Ne7 12. e4 0-0 13. Qc2 c6 14. 0-0 cxd5 15. Nxd5 Nc6 16. b4 g4 17. Nh4 Nd4 18. Qd2 Be6 19. Rac1 Rc8 20. Nf5 Nxf5 21. exf5 Bxd5 22. cxd5 Qf6 23. Be4 Rb8 24. Rc7 h5 25. Qe3 Bh6 26. Qxa7 Ra8 27. Qxb7 Rab8 28. Qc6 Rxb4 29. Re1 Bd2 30. Re2 Rd4 31. a3 Ba5 32. Rd7 Rd1+ 33. Kh2 Rd8 34. Qa4 Rf1 35. Rxd8+ Bxd8 36. Bd3 Ra1 37. Rb2 e4 38. Qe8+ Kg7 39. Rb8 exd3 40. Rxd8 Kh7 41. Qg8+ Kh6 42. Qf8+ Qg7 43. Qxd6+ Kh7 44. f6 Qg6 45. Qf8 Qxf6 46. Qg8+ Kh6 47. Rd7 d2 48. Rxf7 Qxf7 49. Qxf7 d1Q 50. Qf6+ 1/2-1/2

[Event "Kiev Shystarev Memorial 1st"]
[Site "Kiev"]
[Date "2020.08.27"]
[Round "3"]
[White "Tobak, Mikhail"]
[Black "Darda, Roman"]
[Result "1-0"]
[WhiteElo "2067"]
[BlackElo "1824"]
[PlyCount "103"]
[EventDate "2020.08.25"]
[EventType "swiss"]
[EventRounds "9"]
[EventCountry "UKR"]
[SourceTitle "EXT 2022"]
[Source "ChessBase"]
[SourceDate "2021.10.06"]
[SourceVersion "1"]
[SourceVersionDate "2021.10.06"]
[SourceQuality "1"]

1. g3 f5 2. Bg2 Nf6 3. d3 g6 4. e4 fxe4 5. dxe4 Nc6 6. f4 d6 7. Ne2 Bg7 8. 0-0 Bg4 9. h3 Bxe2 10. Qxe2 e5 11. f5 Qd7 12. g4 gxf5 13. exf5 h6 14. Nc3 0-0-0 15. Rd1 Ne7 16. Be3 Kb8 17. Bf2 c6 18. b4 Qc7 19. b5 d5 20. Rab1 Ka8 21. Bxa7 Nc8 22. Bf2 Rhe8 23. Na4 Bf8 24. bxc6 Qxc6 25. Nb6+ Kb8 26. c4 e4 27. Nxc8 Qxc8 28. Qe3 d4 29. Rxd4 Qc6 30. Rxd8+ Rxd8 31. Qa7+ Kc8 32. c5 Ne8 33. Qa8+ Kd7 34. Qxb7+ Qxb7 35. Rxb7+ Kc8 36. Bxe4 Rd1+ 37. Kg2 Rd2 38. Kf3 Rxa2 39. Rf7 Ra3+ 40. Kg2 Bxc5 41. Bxc5 Ra2+ 42. Kg3 h5 43. gxh5 Re2 44. Re7 Ra2 45. Rxe8+ Kd7 46. Re7+ Kc8 47. h6 Rd2 48. h7 Rd8 49. Bd4 Rxd4 50. h8Q+ Rd8 51. Qc3+ Kb8 52. Qc7# 1-0